000 00677nam a22002417a 4500
001 BR8303307
003 BR-BrBNA
005 20230928091709.0
007 ta
008 230509b bl.||||| |||| 00| 0 por d
040 _aBR-BrBNA
_bpor
_cBiblioteca Nacional de Agricultura
041 _a(Por)
072 _aF00
_b2120
090 _ 2120 BR8303307
110 1 _aAssociacao de Assistencia Tecnica e Extensao Rural do Territorio Federal do Amapa, Macapa (Brasil)
_9401
245 1 _aBibliografia sobre cafe
260 3 _aMacapa, AP (Brasil):
_c1983.
300 _a8 p.
650 _aCAFE
650 _aBIBLIOGRAFIA
909 _a202309
_bLucia
_c55
_dLucia Elande
942 _cBK
999 _c35069
_d35069